000 00792nas a2200277 4500
001 BR0201518
003 BR-BrBNA
005 20231205102835.0
007 ta
008 230509b bl.|||p| |||| 00| 00por d
040 _aBR-BrBNA
_bpor
_cBiblioteca Nacional de Agricultura
041 _a(Pt)
072 _aL50
100 1 _aBezerra, R. de S.
100 1 _aVieira, V.L.A.
100 1 _aCarvalho Junior, L.B. de
245 1 _aProteases no trato digestivo de peixes
650 _aPeixe
650 _aEnzima
650 _aAparelho Digestivo
650 _aTambaqui
650 _aCeco
773 0 _tBiotecnologia Ciência e Desenvolvimento (Brazil)
_xISSN 1414-4522
_g(Sep-Oct 2001), v. 4(22) p. 46-49
_wBR0201518
909 _a202311
_bLúcia
_c55
_dLúcia Elande
942 _2AGRIS
_n0
_cANA
999 _c169634
_d169634